Escuela de matrimonios
Guardat en:
| Autor principal: | |
|---|---|
| Format: | Llibre |
| Idioma: | espanyol |
| Publicat: |
Barcelona
Herder
1982
|
| Matèries: | |
| Etiquetes: |
Afegir etiqueta
Sense etiquetes, Sigues el primer a etiquetar aquest registre!
|
MARC
| LEADER | 00000nam a2200000 a 4500 | ||
|---|---|---|---|
| 001 | UCW3730 | ||
| 003 | CL-VaPUC | ||
| 008 | 890105e19820000SP |||||||||||||||||spa|d | ||
| 082 | 0 | 4 | |a 173 |b BER |2 21 |
| 100 | 0 | |a Bertrán Quera, Miguel |e author |9 308072 | |
| 245 | 1 | 0 | |a Escuela de matrimonios |
| 300 | |a 168 p | ||
| 942 | |c BK | ||
| 945 | |d 19890105 00:00:00 | ||
| 260 | |a Barcelona |b Herder |c 1982 | ||
| 650 | 7 | |a MATRIMONIO |2 CL-VaPUC |9 308073 | |
| 650 | 0 | |a Educación para la vida familiar |9 307821 | |
| 583 | |a last modification |c 19890105 00:00:00 |k Rodrigo Vera | ||
| 999 | |c 217632 |d 217630 | ||
| 952 | |0 0 |1 0 |4 0 |6 173_000000000000000_BER_1982 |7 0 |8 A |9 205593 |a BIBEDU |b BIBEDU |d 2019-11-15 |i 2735695 |o 173 BER 1982 |p 2735695 |r 2019-11-15 |w 2019-11-15 |y BK |k EDU | ||